01402nam a2200337 a 4500001001100000003000800011006001900019007001500038008004100053010001700094020002800111040002100139035002100160050002400181082001900205100003400224245012800258260005300386300001600439490004000455504006400495533015200559650003100711650003700742651003000779651004300809655002900852710001700881830004100898856012500939ebr5003502CaPaEBRm u cr cn|||||||||960719s1997 hiu sb s001 0 eng  z 96034019  z0824817400 (alk. paper) aCaPaEBRcCaPaEBR a(OCoLC)17908436614aHF3834b.L84 1997eb04a380.1/09512201 aLufrano, Richard John,d1952-10aHonorable merchantsh[electronic resource] :bcommerce and self-cultivation in late imperial China /cRichard John Lufrano. aHonolulu :bUniversity of Hawai'i Press,cc1997. axii, 241 p.1 aA study of the East Asian Institute aIncludes bibliographical references (p. 219-231) and index. aElectronic reproduction.bPalo Alto, Calif. :cebrary,d2013.nAvailable via World Wide Web.nAccess may be limited to ebrary affiliated libraries. 0aMerchantszChinaxHistory. 0aBusiness ethicszChinaxHistory. 0aChinaxCommercexHistory. 0aChinaxEconomic conditionsy1644-1912. 7aElectronic books.2local2 aebrary, Inc. 0aStudies of the East Asian Institute.40uhttp://site.ebrary.com/lib/rucke/Doc?id=5003502zAn electronic book accessible through the World Wide Web; click to view